Anne Boleyn - Statistics

General Stats
  • This quiz has been taken 185 times
  • The average score is 6 of 21
Answer Stats
Question Answer % Correct
Growing up, Anne served in the royal Courts of which European countries? France
92%
Name Anne's only surviving child. Elizabeth I
81%
Leading up to her trial and execution, Anne was imprisoned where? Tower of London
59%
In which year did Anne enter the service of Katherine of Aragon? 1522
55%
When did Henry VIII begin pursuing Anne? 1526
55%
Who did Anne almost marry in 1523? Henry Percy
43%
In 1528, Anne almost which illness? Sweating Sickness
39%
Which of Anne's siblings was accused of incest with her? George Boleyn
37%
What was Anne's motto as Queen? The Most Happy
30%
How long were Henry and Anne Married for? Three years
28%
Netherlands
23%
Mark Smeaton
19%
Before Marrying her, Henry gave Anne what title? Marquess of Pembroke
19%
Name the men who were accused of adultery with Anne. (Not counting her brother). Henry Norris
14%
William Brereton
7%
Francis Weston
6%
When was Anne crowned Queen consort of England? 1 June 1533
4%
Anne was almost betrothed to James Butler. But who was he? Earl of Ormond
4%
What bird was depicted on her heraldic badge? White Falcon
4%
When was Anne arrested? 2 May 1536
2%
What happened to Anne on the day of Katherine of Aragon's funeral? She had had a miscarriage
0%
No matching quizzes found
Score Distribution
Percent of People with Each Score
Percentile by Number Answered
Your Score History
You have not taken this quiz